[Event "World School-ch U13 Girls"]
[Site "Rhodes"]
[Date "2023.04.18"]
[Round "5"]
[White "Urangoo, Gurvanbaatar"]
[Black "Siskou, Evangelia"]
[Result "1/2-1/2"]
[WhiteElo "1496"]
[BlackElo "1526"]
[PlyCount "179"]
[EventDate "2023.04.14"]
[EventType "swiss"]
[EventRounds "9"]
[EventCountry "GRE"]
[SourceTitle "EXT 2024"]
[Source "ChessBase"]
[SourceDate "2023.10.10"]
[SourceVersion "1"]
[SourceVersionDate "2023.10.10"]
[SourceQuality "1"]

1. e4 e5 2. Nf3 Nc6 3. Bc4 Bc5 4. c3 Nf6 5. d3 d6 6. 0-0 Bg4 7. Re1 h6 8. Nbd2 0-0 9. Nf1 d5 10. exd5 Nxd5 11. h3 Bh5 12. Ng3 Bxf3 13. Qxf3 Nde7 14. b4 Bd6 15. Qh5 Kh7 16. Bxf7 Qd7 17. Ne4 Qf5 18. Qxf5+ Nxf5 19. Bb3 Rad8 20. Bb2 Nce7 21. g3 Ng6 22. Nxd6 cxd6 23. Bd5 b6 24. h4 Nfe7 25. Be4 h5 26. Rad1 d5 27. Bg2 Nf5 28. Bf1 d4 29. c4 Nfe7 30. Bc1 b5 31. c5 Nd5 32. Bd2 Rf5 33. Bg2 Rf7 34. Be4 Re7 35. Bg5 Nf6 36. Rc1 Rc8 37. f4 Nxe4 38. Bxe7 Nxg3 39. Bg5 exf4 40. c6 Nf5 41. Rc5 Ne3 42. c7 Nf8 43. Bxf4 Ne6 44. Rf5 Kg6 45. Rg5+ Nxg5 46. hxg5 Kf5 47. Bd6 Kxg5 48. Rc1 Kf6 49. Rc5 Ke6 50. Be5 g6 51. Bxd4 Nd5 52. Rc6+ Kd7 53. Rxg6 Rxc7 54. Bc5 Nf4 55. Rf6 Ne2+ 56. Kf2 Nc1 57. Ke3 Nxa2 58. Kd2 a5 59. Rd6+ Kc8 60. Bb6 Rd7 61. Rxd7 Kxd7 62. Bxa5 h4 63. Ke2 Nc1+ 64. Kf3 Nxd3 65. Kg4 Kc6 66. Kxh4 Kd5 67. Kg3 Kc4 68. Kf3 Nxb4 69. Ke2 Nd5 70. Kd2 Kb3 71. Kc1 Ne3 72. Be1 Nc2 73. Bd2 Na3 74. Ba5 Ka2 75. Bb4 Kb3 76. Ba5 Nc4 77. Be1 Ne5 78. Kb1 Nc4 79. Kc1 Nb2 80. Ba5 Nd3+ 81. Kd2 Ka4 82. Bc3 Nf4 83. Kc2 Nd5 84. Bd2 Ka3 85. Bc1+ Kb4 86. Bd2+ Kc4 87. Kb2 Nb6 88. Kc2 Na4 89. Be1 Nc5 90. Bd2 1/2-1/2

[Event "World School-ch U13 Girls"]
[Site "Rhodes"]
[Date "2023.04.16"]
[Round "3"]
[White "Urangoo, Gurvanbaatar"]
[Black "Aadya, Gupta"]
[Result "1/2-1/2"]
[WhiteElo "1496"]
[BlackElo "1547"]
[PlyCount "89"]
[EventDate "2023.04.14"]
[EventType "swiss"]
[EventRounds "9"]
[EventCountry "GRE"]
[SourceTitle "EXT 2024"]
[Source "ChessBase"]
[SourceDate "2023.10.10"]
[SourceVersion "1"]
[SourceVersionDate "2023.10.10"]
[SourceQuality "1"]

1. e4 e5 2. Nf3 Nc6 3. Bb5 a6 4. Ba4 d6 5. 0-0 Bd7 6. d4 b5 7. Bb3 Nxd4 8. Nxd4 exd4 9. c3 dxc3 10. Qh5 Qf6 11. Nxc3 g6 12. Qe2 c6 13. Be3 Bg7 14. Rad1 Qe7 15. Qd2 Rd8 16. Qxd6 Qxd6 17. Rxd6 Be5 18. Rd2 Be6 19. Rxd8+ Kxd8 20. Bxe6 fxe6 21. Rd1+ Kc7 22. f4 Bg7 23. Bc5 Nf6 24. a4 Bf8 25. Bd4 Be7 26. axb5 cxb5 27. Ra1 b4 28. Na4 Rc8 29. Bc5 Bxc5+ 30. Nxc5 Kb6 31. Nxe6 Nxe4 32. Re1 Nc5 33. Nxc5 Rxc5 34. Kf2 a5 35. Re2 a4 36. Ke3 Kb5 37. Kd3 a3 38. bxa3 bxa3 39. Re8 Kb4 40. Rb8+ Ka4 41. Ra8+ Kb3 42. Rb8+ Ka2 43. Kd2 Rc4 44. g3 Ka1 45. Rb7 1/2-1/2

[Event "World School-ch U13 Girls"]
[Site "Rhodes"]
[Date "2023.04.15"]
[Round "2"]
[White "Silva, Juliana Figueira Th"]
[Black "Urangoo, Gurvanbaatar"]
[Result "0-1"]
[WhiteElo "1600"]
[BlackElo "1496"]
[PlyCount "21"]
[EventDate "2023.04.14"]
[EventType "swiss"]
[EventRounds "9"]
[EventCountry "GRE"]
[SourceTitle "EXT 2024"]
[Source "ChessBase"]
[SourceDate "2023.10.10"]
[SourceVersion "1"]
[SourceVersionDate "2023.10.10"]
[SourceQuality "1"]

1. d4 Nf6 2. c4 g6 3. Nc3 Bg7 4. e4 d6 5. h3 0-0 6. Bd3 e5 7. d5 Nbd7 8. Nf3 Nh5 9. Bc2 a5 10. 0-0 Nf4 11. Be3 0-1

[Event "Wch U12 Girls"]
[Site "Batumi"]
[Date "2022.09.26"]
[Round "10"]
[White "Urangoo, Gurvanbaatar"]
[Black "Merkulova, Viktoria"]
[Result "0-1"]
[WhiteElo "1391"]
[BlackElo "1715"]
[PlyCount "100"]
[EventDate "2022.09.16"]
[EventType "swiss"]
[EventRounds "11"]
[EventCountry "GEO"]
[SourceTitle "EXT 2023"]
[Source "ChessBase"]
[SourceDate "2022.10.05"]
[SourceVersion "1"]
[SourceVersionDate "2022.10.05"]
[SourceQuality "1"]

1. e4 c5 2. Nf3 d6 3. d4 cxd4 4. Nxd4 Nf6 5. Nc3 g6 6. Be3 Bg7 7. f3 0-0 8. Bc4 Nc6 9. Qd2 Bd7 10. 0-0-0 Rb8 11. Kb1 b5 12. Bd3 a5 13. h4 Ne5 14. h5 Nc4 15. Bxc4 bxc4 16. Ka1 a4 17. Bh6 Qb6 18. Rb1 Bxh6 19. Qxh6 Qxd4 20. hxg6 fxg6 21. e5 dxe5 22. Rh4 Qa7 23. a3 Bc6 24. Rxc4 Qb7 25. Qe3 Bd5 26. Rxa4 Ra8 27. Rxa8 Rxa8 28. Qxe5 Bf7 29. Re1 Rb8 30. Rb1 Rd8 31. Qe2 Nd5 32. Ne4 Nb4 33. Rh1 Rc8 34. Rc1 Qa7 35. Qd2 Nxc2+ 36. Kb1 Nxa3+ 37. bxa3 Rb8+ 38. Kc2 Bb3+ 39. Kb2 Bc4+ 40. Kc3 Qxa3+ 41. Kxc4 Qb3+ 42. Kd4 Rd8+ 43. Ke5 Rxd2 44. Rc8+ Kf7 45. Nxd2 Qe6+ 46. Kf4 Qxc8 47. Ne4 Qf5+ 48. Kg3 g5 49. Nf2 Qf4+ 50. Kh3 Qh4# 0-1

[Event "Wch U12 Girls"]
[Site "Batumi"]
[Date "2022.09.24"]
[Round "8"]
[White "Urangoo, Gurvanbaatar"]
[Black "Aravindakshan, Sahana"]
[Result "1-0"]
[WhiteElo "1391"]
[BlackElo "1776"]
[PlyCount "73"]
[EventDate "2022.09.16"]
[EventType "swiss"]
[EventRounds "11"]
[EventCountry "GEO"]
[SourceTitle "EXT 2023"]
[Source "ChessBase"]
[SourceDate "2022.10.05"]
[SourceVersion "1"]
[SourceVersionDate "2022.10.05"]
[SourceQuality "1"]

1. e4 e5 2. Nf3 Nc6 3. Bb5 a6 4. Ba4 Nf6 5. 0-0 Be7 6. Re1 b5 7. Bb3 d6 8. c3 0-0 9. h3 Nb8 10. d4 Nbd7 11. a4 Bb7 12. Nbd2 c5 13. d5 c4 14. Bc2 Re8 15. Nf1 Bf8 16. Ng3 g6 17. Nh2 Bg7 18. Ng4 Nxg4 19. Qxg4 Nc5 20. Be3 Qc7 21. h4 h5 22. Qe2 Bf6 23. Bh6 Kh7 24. Nxh5 gxh5 25. Qxh5 Bg7 26. Bd2+ Kg8 27. Re3 f6 28. Rg3 Qf7 29. Rg6 Re7 30. Bh6 Qf8 31. Re1 Bc8 32. Re3 Raa7 33. Rf3 Rf7 34. Rfg3 Rae7 35. Bxg7 Rxg7 36. Rh6 Rxg3 37. Rh8+ 1-0

[Event "Wch U12 Girls"]
[Site "Batumi"]
[Date "2022.09.18"]
[Round "3"]
[White "Hamadeh, Sally"]
[Black "Urangoo, Gurvanbaatar"]
[Result "0-1"]
[WhiteElo "1096"]
[BlackElo "1391"]
[PlyCount "60"]
[EventDate "2022.09.16"]
[EventType "swiss"]
[EventRounds "11"]
[EventCountry "GEO"]
[SourceTitle "EXT 2023"]
[Source "ChessBase"]
[SourceDate "2022.10.05"]
[SourceVersion "1"]
[SourceVersionDate "2022.10.05"]
[SourceQuality "1"]

1. e4 c5 2. Nf3 d6 3. d4 cxd4 4. Nxd4 Nf6 5. Nc3 g6 6. Bc4 Bg7 7. 0-0 0-0 8. Bg5 Bd7 9. Re1 Nc6 10. Qd2 Qb6 11. Nf3 Qc5 12. Bb3 Bg4 13. Bxf6 Bxf6 14. Re3 Rac8 15. h3 Bxf3 16. Rxf3 Ne5 17. Na4 Nxf3+ 18. gxf3 Qg5+ 19. Qxg5 Bxg5 20. Nc3 Kg7 21. Re1 Bd2 22. Re2 Bxc3 23. bxc3 Rxc3 24. Kg2 Rfc8 25. e5 dxe5 26. Rxe5 e6 27. Re4 b5 28. Rd4 a5 29. a4 bxa4 30. Bxa4 R8c4 0-1

[Event "Wch FIDE Online U10 Girls Asia qual"]
[Site "Tornelo INT"]
[Date "2020.12.12"]
[Round "5"]
[White "Layan, Mansour Qassabi"]
[Black "Urangoo, Gurvanbaatar"]
[Result "0-1"]
[WhiteElo "1167"]
[BlackElo "1233"]
[PlyCount "62"]
[EventDate "2020.12.11"]
[EventType "swiss (rapid)"]
[EventRounds "7"]
[EventCountry "ISS"]
[SourceTitle "EXT 2022"]
[Source "ChessBase"]
[SourceDate "2021.10.06"]
[SourceVersion "1"]
[SourceVersionDate "2021.10.06"]
[SourceQuality "1"]

1. e4 e5 2. Bc4 Nf6 3. d3 Nc6 4. Nf3 Bc5 5. 0-0 d6 6. h3 h6 7. c3 Be6 8. Bb3 Qd7 9. Bc2 Bb6 10. d4 exd4 11. cxd4 Bc4 12. Re1 0-0-0 13. Nbd2 Ba6 14. Nb3 g5 15. Bd3 Bxd3 16. Qxd3 g4 17. hxg4 Qxg4 18. Bd2 Rhg8 19. g3 h5 20. Kf1 Rde8 21. e5 dxe5 22. dxe5 Qh3+ 23. Ke2 Nxe5 24. Nxe5 Rxe5+ 25. Kd1 Rxe1+ 26. Bxe1 Rd8 27. Qxd8+ Kxd8 28. Kc2 Qf5+ 29. Kc1 Nd5 30. Kd2 Nb4 31. Rd1 Qc2# 0-1

[Event "Wch FIDE Online U10 Girls Asia qual"]
[Site "Tornelo INT"]
[Date "2020.12.11"]
[Round "2"]
[White "Urangoo, Gurvanbaatar"]
[Black "Liu, Tian Yi"]
[Result "1/2-1/2"]
[WhiteElo "1233"]
[BlackElo "1026"]
[PlyCount "110"]
[EventDate "2020.12.11"]
[EventType "swiss (rapid)"]
[EventRounds "7"]
[EventCountry "ISS"]
[SourceTitle "EXT 2022"]
[Source "ChessBase"]
[SourceDate "2021.10.06"]
[SourceVersion "1"]
[SourceVersionDate "2021.10.06"]
[SourceQuality "1"]

1. e4 c6 2. d4 d5 3. e5 c5 4. c3 Nc6 5. Nf3 Bg4 6. Be3 e6 7. h3 Bh5 8. Be2 Nge7 9. Nbd2 Nf5 10. Bg5 Be7 11. Bxe7 Nfxe7 12. dxc5 Qc7 13. Nd4 Bxe2 14. Qxe2 a6 15. f4 Ng6 16. 0-0 0-0 17. Nxc6 Qxc6 18. b4 a5 19. a3 b6 20. Nb3 Ne7 21. Nd4 Qc7 22. cxb6 Qxb6 23. Kh1 Rfc8 24. Qd3 Rc4 25. Nb3 Nf5 26. Nc5 h6 27. Kh2 Qc7 28. Rab1 axb4 29. axb4 Ra3 30. Rbc1 Ne7 31. Rf2 Nc6 32. Qd2 Qa7 33. Nd3 Qb6 34. Nb2 Re4 35. Nd3 Na7 36. Re2 Rc4 37. Nb2 Rc8 38. c4 Rb3 39. cxd5 Rxc1 40. Qxc1 exd5 41. Qc5 Rxb4 42. Qxb6 Rxb6 43. Rd2 Rb4 44. Kg3 d4 45. Kf3 Kf8 46. Nd3 Rc4 47. Ke4 Ke7 48. g3 Nb5 49. Kd5 Ra4 50. Nc5 Rb4 51. Nd3 Ra4 52. Nb2 Rb4 53. Nd1 Kd7 54. Nf2 Ra4 55. Nd3 Ke7 1/2-1/2